000 00407nam a2200157Ia 4500
008 210716s9999 xx 000 0 und d
020 _a9788184895155
041 _aeng
082 _a005.1331 CAPD
100 _aCapper, Derek.
245 _aIntroducing c++ for scientists engineers and mathematicians.
250 _a2
260 _aNew Delhi
_bSpringer
300 _axvi,544
650 _aC++ Progamming
999 _c190937
_d190937